Beteo - Hoodie - Statystyki

Ogólne statystyki
  • Ten quiz został rozwiązany 22 razy
  • Średni wynik to 7 z 12
Statystyki odpowiedzi
Numer Tytuł Gość % Poprawnych
12 HOODIE
100%
6 GŁUPIO WYSZŁO Białas
63%
11 NOWE AUTA Bedoes
63%
3 WIDOK BLOCK
63%
1 JEGOMOŚĆ
58%
4 MONEY TALK Żabson
58%
9 BENZO
53%
5 CO ROZK*RWIA GŁOWĘ
53%
8 JUICE
53%
2 LAY LOW
53%
10 PIĘĆ KOŁA
53%
7 POR FAVOR
53%
Nie znaleziono quizów pasujących do podanych kryteriów
Rozkład punktacji
Procent ludzi z każdym wynikiem
Percentyl według liczby udzielonych odpowiedzi
Twoja historia wyników
Nie rozwiązałeś tego quizu